00238nam a2200097Ia 4500008004100000082001900041100001900060245002400079260002900103300000800132150731s1985 xx 000 0 und d a615.53bV 85 G aGOUDRIAAN,TEUN aTHE VINASIKHATANTRA bMOTILAL.PUB. DELHIc1985 a162